| 000 | 00694nam a2200217 a 4500 | ||
|---|---|---|---|
| 005 | 20220524063633.0 | ||
| 008 | 991125s1993 mx 000 0 spa u | ||
| 020 | _a9686579931 | ||
| 035 | _aUPN01000037273 | ||
| 049 | _aLT | ||
| 050 | 4 |
_aLB1645 M6.1 _bL6.4 1993 |
|
| 100 | 1 | _aLópez Rueda, Gonzalo | |
| 245 | 1 | 0 |
_aMatemáticas 1 / _cGonzalo López Rueda, Ma. de Jesús Sentíes Nacaspac |
| 260 |
_aMéxico : _bSITESA, _c1993 |
||
| 300 |
_a249 p. : _bil. |
||
| 500 | _a"De acuerdo con los nuevos programas de la SEP" | ||
| 650 | 4 |
_aMatemáticas _xEstudio y enseñanza (Secundaria) _94860 |
|
| 700 | 2 |
_aSentíes Nacaspac, María de Jesús, _ecoaut. |
|
| 904 |
_aAC _b037274 |
||
| 905 | _aLibro | ||
| 999 |
_c37273 _d37273 |
||